01954cam a22002178i 4500999001700000020001800017041001300035082001700048245012500065250002000190260003400210300001500244500002500259504005100284520119500335546001301530650002701543700002701570942001201597952012701609 c37480d37480 a9780367742027 aEnglish.00a306.43bSOC-00aSocial theory and education research :bunderstanding Foucault, Habermas, Bourdieu and Derrida /cedited by Mark Murphy. aSecond Edition. aNew York :bRoutledge,c2022. axiv, 276p. aFirst edition: 2013. aIncludes bibliographical references and index. a"Social Theory and Education Research is an advanced and accessible text that illustrates the diverse ways in which social theories can be applied to educational research methodologies. It provides in-depth overviews of the various theories by well-known and much-debated thinkers - Michel Foucault, Jürgen Habermas, Pierre Bourdieu and Jacques Derrida, and their applications in educational research. Updated throughout and with new extended introductions to each theorist and a new chapter on the application of socio-theoretical concepts in education research methodologies and the how-to of research practice, this second edition assists education practitioners and researchers in their acquisition and application of social theory. This book contextualizes the various theories within the broader context of social philosophy and the historical development of different forms of thought. Social Theory and Educational Research will be incredibly useful to post-graduate students and early career researchers who wish to develop their capacity to engage with these debates at an advanced level. It will also prove of great interest to anyone involved in education policy and theory"-- aEnglish. 0aEducational sociology.1 aMurphy, Mark,eeditor. 2ddccBK 00104070aNASSDOCbNASSDOCd2023-03-16eOverseasg0.00l0o306.43 SOC-p53196r2023-05-04 00:00:00v0.00w2023-05-04yBK